Villes françaises sur la côte atlantique! - Statistiques

Statistiques générales
  • Ce quiz a été pris 157 fois
  • Le résultat moyen est 13 sur 40
Statistiques - réponses
Région Ville % Correct
La Rochelle
91%
Bretagne Brest
82%
Biarritz
81%
Vannes
77%
Arcachon
73%
Saint-Nazaire
72%
Royan
63%
Les Sables-d'Olonne
59%
Saint-Jean-de-Luz
52%
Concarneau
47%
Anglet
44%
Hendaye
44%
Douarnenez
38%
La Baule-Escoublac
30%
Pornichet
30%
Pays de la Loire Guérande
26%
La Teste-de-Buch
25%
Marennes
25%
Châtelaillon-Plage
21%
Fouras
21%
Olonne-sur-Mer
21%
Poitou-Charentes Aytré
20%
Gujan-Mestras
20%
La Tremblade
20%
Saint-Pierre-d'Oléron
20%
Saint-Brevin-les-Pins
18%
Saint-Georges-de-Didonne
18%
Biganos
16%
Saint-Hilaire-de-Riez
16%
Saint-Jean-de-Monts
16%
Ploemeur
15%
Nieul-sur-Mer
14%
Aquitaine Andernos-les-Bains
13%
Plougastel-Daoulas
12%
Le Château-d'Olonne
11%
Plouzané
9%
Tarnos
8%
Guidel
4%
Guipavas
3%
Le Relecq-Kerhuon
2%
Aucun quiz correspondant
Distribution des résultats
% des personnes avec chaque résultat
Percentile par nombre de réponses
Votre historique - résultats
Vous n’avez pas pris ce quiz